<?xml version="1.0" encoding="UTF-8"?>
<collection xmlns="http://www.loc.gov/MARC21/slim">
<record>
  <controlfield tag="001">132008</controlfield>
  <controlfield tag="005">20240308105336.0</controlfield>
  <datafield tag="024" ind1="7" ind2=" ">
    <subfield code="2">doi</subfield>
    <subfield code="a">10.26754/CINAIC.2023.0107</subfield>
  </datafield>
  <datafield tag="037" ind1=" " ind2=" ">
    <subfield code="a">COMPON-2023-CINAIC-0107</subfield>
  </datafield>
  <datafield tag="041" ind1=" " ind2=" ">
    <subfield code="a"></subfield>
  </datafield>
  <datafield tag="100" ind1=" " ind2=" ">
    <subfield code="a">Olmos-Migueláñez,  Susana</subfield>
    <subfield code="u">Universidad de Salamanca, España</subfield>
  </datafield>
  <datafield tag="245" ind1=" " ind2=" ">
    <subfield code="a">¿Cómo perciben hoy los estudiantes los procesos de evaluación en la

Universidad? Un estudio comparativo</subfield>
  </datafield>
  <datafield tag="260" ind1=" " ind2=" ">
    <subfield code="a">Zaragoza</subfield>
    <subfield code="b">Universidad de Zaragoza, Servicio de Publicaciones</subfield>
    <subfield code="c">2023</subfield>
  </datafield>
  <datafield tag="300" ind1=" " ind2=" ">
    <subfield code="e"></subfield>
  </datafield>
  <datafield tag="520" ind1="3" ind2=" ">
    <subfield code="a">La percepción del estudiante sobre la evaluación debe ser uno de los principales factores a contemplar en el avance de la investigación evaluativa en Educación Superior. Con el objetivo de conocer si esta percepción varía en función del grado (estando ante una percepción totalmente condicionada por la formación), o si el grado no guarda relación, se plantea una investigación como parte del proyecto de innovación docente ID2022/232 - Innovación en Procedimientos de evaluación de resultados de aprendizaje con soporte tecnológico y atención a criterios de inclusión (E-RAINCLUYE) que trata de determinar si el grado estudiado influye en dicha percepción. La muestra está compuesta por 210 estudiantes de varios grados de educación de la Universidad de Salamanca que han dado respuesta a un cuestionario propuesto por Gil-Flores (2012) de 9 dimensiones y 55 ítems. Los resultados muestran una percepción media-alta sobre la calidad de la evaluación, y solamente diferencias significativas en dos de las nueve dimensiones planteadas.</subfield>
  </datafield>
  <datafield tag="506" ind1=" " ind2=" ">
    <subfield code="a">Access copy available to the general public</subfield>
    <subfield code="f">Unrestricted</subfield>
  </datafield>
  <datafield tag="540" ind1=" " ind2=" ">
    <subfield code="9">info:eu-repo/semantics/openAccess</subfield>
    <subfield code="a">by-nc-nd</subfield>
    <subfield code="u">http://creativecommons.org/licenses/by-nc-nd/3.0/es/</subfield>
  </datafield>
  <datafield tag="653" ind1="1" ind2=" ">
    <subfield code="a">Evaluación, Percepción, Estudiantes, Innovación  </subfield>
  </datafield>
  <datafield tag="653" ind1="1" ind2=" ">
    <subfield code="a">Assessment, Perception, Students, Innovation  </subfield>
  </datafield>
  <datafield tag="655" ind1=" " ind2="4">
    <subfield code="a">Comunicación</subfield>
  </datafield>
  <datafield tag="700" ind1=" " ind2=" ">
    <subfield code="a">Ortiz-López,  Alberto</subfield>
    <subfield code="u">Universidad de Salamanca, España</subfield>
  </datafield>
  <datafield tag="700" ind1=" " ind2=" ">
    <subfield code="a">Rodriguez-Conde,  Maria Jose</subfield>
    <subfield code="u">Universidad de Salamanca, España</subfield>
  </datafield>
  <datafield tag="700" ind1=" " ind2=" ">
    <subfield code="a">Frade-Martínez,  Cristinan</subfield>
    <subfield code="u">Universidad de Salamanca, España</subfield>
  </datafield>
  <datafield tag="700" ind1=" " ind2=" ">
    <subfield code="a">Pinto Llorente,  Ana María</subfield>
    <subfield code="u">Universidad de Salamanca, España</subfield>
  </datafield>
  <datafield tag="700" ind1=" " ind2=" ">
    <subfield code="a">Huete García,  Agustí</subfield>
    <subfield code="u">Universidad de Salamanca, España</subfield>
  </datafield>
  <datafield tag="773" ind1=" " ind2=" ">
    <subfield code="d">Zaragoza</subfield>
    <subfield code="g">Actas del VII Congreso Internacional sobre Aprendizaje, Innovación y Cooperación, CINAIC 2023 (18-20 de Octubre de 2023, Madrid, España)



</subfield>
  </datafield>
  <datafield tag="856" ind1="4" ind2=" ">
    <subfield code="s">897643</subfield>
    <subfield code="u">http://zaguan.unizar.es/record/132008/files/107.pdf</subfield>
  </datafield>
  <datafield tag="909" ind1="C" ind2="O">
    <subfield code="o">oai:zaguan.unizar.es:132008</subfield>
    <subfield code="p">comunicaciones-ponencias</subfield>
  </datafield>
  <datafield tag="970" ind1=" " ind2=" ">
    <subfield code="a">COMPON-2023-CINAIC-0107</subfield>
  </datafield>
  <datafield tag="980" ind1=" " ind2=" ">
    <subfield code="a">COMPON</subfield>
  </datafield>
</record>
</collection>